Vrstvy tvaru. : (Výber z textov). /

Uložené v:
Podrobná bibliografia
Hlavný autor: Hološka, Ľudovít (Author)
Médium: Kniha
Jazyk:Slovak
Vydané: Senica : Jasen, vydavateľstvo, [2000]
Vydanie:1. vyd.
Témy:
ISBN: 8096755102 (brož.)
Fyzický popis: 130 s.
Tagy: Pridať tag
Žiadne tagy, Buďte prvý kto otaguje tento záznam!

MARC

LEADER 00000nam a2200000 a 4500
001 000061313
003 SVKK
005 20000620000000.0
008 000511s2000 xo e sloo
020 |a 8096755102 (brož.) 
040 |a SVKKK  |b slo  |c SVKKK  |e AACR2 
041 0 |a slo 
044 |a xo  |c SK 
080 |a 75(437.6):82.033  |2 1997 
080 |a 82.033:75(437.6)  |2 1997 
100 1 |a Hološka, Ľudovít  |4 aut 
245 1 0 |a Vrstvy tvaru. :  |b (Výber z textov). /  |c Ľudovít Hološka 
250 |a 1. vyd. 
260 |a Senica :  |b Jasen, vydavateľstvo,  |c [2000] 
300 |a 130 s. 
653 0 |a výtvarníci slovenskí  |2 SVKKKPH 
653 0 |a interpretácie  |2 SVKKKPH 
653 0 |a dielo  |2 SVKKKPH 
655 7 |a monografie  |2 SVKKKPH 
910 |a svkkk 
919 |a 80-967551-0-2 
974 |a UH  |d 20000619 
974 |a KL  |d 20000601 
974 |a MI  |d 20000620 
998 |a BK 
090 |g SCKHL  |k Sklad Hlavná 10 prízemie  |a I.70115  |j 932804  |i 2720399345  |s Absenčne